00553 a2200169 450000500170000001000270001702000230004402000260006703500270009303700080012008200120012810000170014024500790015726000410023627000800027730000260035720090314112010.0 aB-274663-666 G-002139 c250.00a0143062123 c250.00a9780143062127 aB-274663-666 G-002139 bUBH a320.954 aJalan, Bimal aThe future of India:cby Bimal Jalanbpolitics, economics and governance / aNew DelhibPenguin Books Indiac2006 bNew Delhic Delhia11, Community Centre, Panchsheel Park, New Delhie110017 axvii, 212pc22cm(pbk)